15 Największych Miast Państw Bałtyckich - Statystyki

Ogólne statystyki
  • Ten quiz został rozwiązany 45 razy
  • Średni wynik to 7 z 15
Statystyki odpowiedzi
Odpowiedź % Poprawnych
Ryga 703 tys.
100%
Tallinn 392 tys.
97%
Wilno 511 tys.
92%
Kowno 353 tys.
79%
Kłajpeda 181 tys.
74%
Tartu 149 tys.
47%
Dyneburg 105 tys.
37%
Lipawa 80 tys.
34%
Szawle 123 tys.
34%
Narwa 66 tys.
26%
Poniewież 110 tys.
26%
Jełgawa 60 tys.
18%
Parnawa 81 tys.
16%
Olita 66 tys.
13%
Możejki 52 tys.
8%
Nie znaleziono quizów pasujących do podanych kryteriów
Rozkład punktacji
Procent ludzi z każdym wynikiem
Percentyl według liczby udzielonych odpowiedzi
Twoja historia wyników
Nie rozwiązałeś tego quizu